<?xml version="1.0" encoding="UTF-8"?>
<marc:record xmlns:marc="http://www.loc.gov/MARC21/slim">
   <marc:leader>00000nam a2200000 a 4500</marc:leader>
   <marc:datafield ind1="1" ind2=" " tag="100">
      <marc:subfield code="a">Pfister, Marcus</marc:subfield>
      <marc:subfield code="4">aut</marc:subfield>
      <marc:subfield code="e">Verfasser/-in</marc:subfield>
   </marc:datafield>
   <marc:datafield ind1="0" ind2="0" tag="245">
      <marc:subfield code="a">Der kleine Dino</marc:subfield>
   </marc:datafield>
   <marc:datafield ind1=" " ind2="1" tag="264">
      <marc:subfield code="b">NordSüd Verlag</marc:subfield>
      <marc:subfield code="c">1995</marc:subfield>
   </marc:datafield>
   <marc:datafield ind1="1" ind2=" " tag="520">
      <marc:subfield code="a">Die Herde der Maiasauras hat  Zuwachs bekommen: Ein Maiasauramädchen und Dino, den kleinen Fremdling mit dem wunderbar glitzernden Rückenkamm. Doch die Maiasauras leben gefährlich, seit sie vom Höhlensaurier aus ihrer Höhle vertrieben worden sind. Da beschließen Dino und Maia, ihre Höhle und die lebenswichtige Wasserquelle zurückzuerobern ...</marc:subfield>
   </marc:datafield>
   <marc:datafield ind1=" " ind2=" " tag="020">
      <marc:subfield code="a">9783314006616</marc:subfield>
      <marc:subfield code="9">9783314006616</marc:subfield>
   </marc:datafield>
</marc:record>
